=LDR 00000nam 2200000 4500 =001 INLIS000000000048580 =005 20161124095855.0 =006 =007 =008 =020 ##$$a 978-602-9052-14-5 =035 ##$$0010-111600000000159 =040 ##$$a NBPDMAT =082 ##$$a 746.095 983 6 =090 ##$$a 746.695 983 6$bHen s =100 ##$$a Hendrawati =245 ##$$a Sasirangan kain tradisional Kalimantan Selatan $c / Hendraswati =260 ##$$a Jakarta $b Kementrian Kebudayaan dan Pariwisata $c 2013 =300 ##$$a xiv, 154 hlm. : $b ilus. ; $c 20 cm =500 ##$$a Bibliografi : hlm 143 - 145 =650 ##$$a Kain Tradisional-Kalimantar Selatan =850 ##$$a NBPDMAT =990 ##$$a 31600220